14. Lisboa - Quevedo - Estadísticas

Estadísticas generales
  • Esta prueba ha sido intentada 22 veces
  • La puntuación promedio es 247 de 317
Estadísticas de respuestas
% Correcto
a
100%
aquí
92%
bailando
92%
cama
92%
como
92%
con
92%
conocí
92%
cuéntale
92%
Cuéntale
92%
dan
92%
Dando
92%
Dile
92%
e
92%
El
92%
el
92%
horas
92%
La
92%
la
92%
las
92%
llamada'
92%
mi
92%
no
92%
pa
92%
que
92%
Que
92%
se
92%
si
92%
sigo
92%
te
92%
Te
92%
ti
92%
vueltas
92%
y
92%
Y
92%
al
83%
Alguna
83%
de
83%
en
83%
es
83%
fan
83%
Lisboa
83%
Ma
83%
Mami
83%
mami
83%
mirando
83%
nos
83%
parara
83%
parte
83%
perreamos
83%
por
83%
Por
83%
problemática'
83%
soy
83%
sus
83%
tiempo
83%
yo
83%
amiga'
75%
Antártida
75%
corazón
75%
daño
75%
Desde
75%
dice
75%
está
75%
fanática
75%
harta
75%
hicieron
75%
le
75%
lleva
75%
llevarte
75%
lo
75%
mediática
75%
nena
75%
Nena
75%
pero
75%
Pero
75%
presión
75%
Sale
75%
su
75%
toda
75%
vi
75%
voy
75%
antiguas
67%
baby
67%
baje
67%
bebé
67%
cabrón
67%
canoa
67%
cine
67%
conociste
67%
corillo
67%
crimen
67%
culito
67%
Dale
67%
decidir
67%
delinquir
67%
derecha
67%
día
67%
escena
67%
ese
67%
Ese
67%
falta
67%
famous
67%
fecha
67%
fotos
67%
ganas
67%
hace
67%
hacer
67%
hiciste
67%
Ir
67%
juntos
67%
mano
67%
mire
67%
nadie
67%
nalga
67%
negar
67%
pasamontañas
67%
permitir
67%
puede
67%
queda
67%
Quiero
67%
quiero
67%
redes
67%
sobraran
67%
tatuaje
67%
tus
67%
un
67%
vacacionar
67%
venirte
67%
Balboa
58%
bobo
58%
donde
58%
sea
58%
sientas
58%
caigo
50%
Déjame
50%
Invicta
50%
muy
50%
quien
50%
aunque
42%
caiga
42%
lejos
42%
perreando
42%
playita
42%
yeh
42%
Ausente
33%
eh
33%
hacerlo
33%
dizque
25%
Siga
8%
No se encontraron pruebas coincidentes
Distribución de puntuación
Porcentaje de gente con cada puntuación
Porcentaje por número respondido
Historial de tus puntuaciones
No has intentado esta prueba.